000 01358nab a2200241 i 4500
003 DO-SdBNP
005 20260514112905.0
007 ta
008 260514b2010 dr qn|p| ||||||0| 0 spa d
040 _aDO-SdBNP
_bspa
_cBNPHU
_erda
041 _aspa
100 _aCochon Aranda, Manuel
_989562
_edoctor
245 _aLa Hidradenitis :
_bconocido popularmente como "Golondrinos".
300 _a30-31, páginas :
_bIlustraciones, fotografías.
336 _atexto
_btxt
_2rdacontent
337 _asin mediación
_bn
_2rdamedia
338 _avolumen
_bnc
_2rdacarrier
520 _aUno de los problemas de salud que aún subsisten entre los dominicanos y entorno al cual se han generado muchas interrogantes y creencias populares es la Hidradenitis, conocida popularmente como “Golondrinos”. Se trata de un proceso inflamatorio que se origina en las glándulas sudoríparas apócrifas, localizadas en diferentes áreas específicas, como las axilas, glúteos, pubis, etc. Las zonas más frecuentemente afectadas o conocidas son las axilas (hidradenitis axilar).
650 0 _aDermatología
_vPublicaciones periódicas
_987499
_xGolondrinos
710 _aHospital General Regional Dr. Marcelino Velez Santana
_989560
773 0 _060742
_9337874
_aHospital General Regional Dr. Marcelino Velez Santana
_o2026-4037
_tSalud moderna
_x1811-508x
942 _2ddc
_cISSUE
999 _c60743
_d60743